| 000 | 00558nas a2200229 i 4500 | ||
|---|---|---|---|
| 001 | 921 | ||
| 003 | ES-MaACL | ||
| 005 | 20250731030153.0 | ||
| 007 | t| | ||
| 008 | 950801d1876 sp s| | 1 ||pa d | ||
| 022 | _a9951-2734 | ||
| 080 | _a63 | ||
| 245 | 0 | 0 |
_aGaceta rural _b: revista quincenal de los campos. |
| 260 |
_aMadrid : _b[s.n.], _c1876- |
||
| 300 |
_a3 v. ; _c27 cm. |
||
| 310 | _aQuincenal | ||
| 362 | 0 | _aT. I (1876)- | |
| 650 | 1 | 7 |
_aAgricultura _2embne _99670 |
| 852 |
_aES-MaACL _jHem-868 |
||
| 866 | 0 | _o1876-78. | |
| 999 |
_c921 _d921 |
||